000 01266nam0a2200349 4500
001 RU\NLR\BIBL_A\012503070
005 20210622163445.0
010 _a978-5-04-112634-6
_93000
021 _aRU
_bКН-П-20-081764
_9КН-П-20-6199
035 _a(NLR Aleph) 012503070
035 _a(RuMoRGB)010517648
090 _a12239702
_c12239702
100 _a20210413d2020 u y0rusy50 ca
101 1 _arus
_cger
102 _aRU
105 _aa|||z|||000ay
181 0 _ai3
_baxxe
182 0 _an
200 1 _aПокажи мне звёзды
_fКира Мон
_g[перевод с немецкого И. Офицеровой]
203 _aТекст
_bвизуальный
_cнепосредственный
210 _aМосква
_cFreedom
_cЭксмо
_d2020
215 _a509, [3] с.
_cил.
_d21
225 1 _aFreedom
_iТам, где сбываются мечты
_eромантическая трилогия
333 _a18+
686 1 _aШ6(4Ф)07-440.4{Лх1359.2-50}
700 1 _7ca
_8rus
_aМон
_bК.
_gКира
_9231450
_3RU\NLR\AUTH\770231506
942 _cBOOK
980 _aNBR
980 _aNB